Геохимия урана и тория в углях Северной Азии; Радиоактивность и радиоактивные элементы в среде обитания человека

Dades bibliogràfiques
Parent link:Радиоактивность и радиоактивные элементы в среде обитания человека.— 2009.— С. 59-65
Autor principal: Арбузов С. И. Сергей Иванович
Idioma:rus
Publicat: 2009
Matèries:
Format: Capítol de llibre
KOHA link:https://koha.lib.tpu.ru/cgi-bin/koha/opac-detail.pl?biblionumber=175328

MARC

LEADER 00000naa2a2200000 4500
001 175328
005 20231222144605.0
035 |a (RuTPU)RU\TPU\book\190106 
090 |a 175328 
100 |a 20100211d2009 k y0rusy50 ca 
101 0 |a rus 
102 |a RU 
200 1 |a Геохимия урана и тория в углях Северной Азии  |f С. И. Арбузов 
320 |a Библиогр.: 14 назв. 
463 0 |0 (RuTPU)RU\TPU\book\187178  |y 5-93629-358-0  |t Радиоактивность и радиоактивные элементы в среде обитания человека  |o материалы III Международной конференции, Томск, 23-27 июня 2009 г.  |f Томский политехнический университет (ТПУ); Российская академия наук (РАН), Сибирское отделение (СО), Институт геологии и минералогии ; Томская область, Администрация; под ред. Л. П. Рихванова  |v С. 59-65  |d 2009  |p 754 с. 
610 1 |a уран 
610 1 |a торий 
610 1 |a Северная Азия 
610 1 |a геохимия 
610 1 |a энергетика 
610 1 |a радиационное воздействие 
610 1 |a труды учёных ТПУ 
700 1 |a Арбузов  |b С. И.  |c российский геолог и геохимик  |c профессор Томского политехнического университета, доктор геолого-минералогических наук  |f 1959-  |g Сергей Иванович  |3 (RuTPU)RU\TPU\pers\24710  |9 10962 
801 1 |a RU  |b 63413507  |c 20100211 
801 2 |a RU  |b 63413507  |c 20120723  |g RCR 
942 |c BK